| 000 | 00760nam a2200301Ia 4500 | ||
|---|---|---|---|
| 008 | 171120s9999 xx 000 0 und d | ||
| 020 | _a753405202 | ||
| 050 | _a581 | ||
| 050 | _bC482 1993 | ||
| 100 | _aCharman, Andrew | ||
| 245 | _aI wonder why trees have leaves : | ||
| 245 | _band other questions about plants / | ||
| 245 | _cby Andrew Charman. | ||
| 260 | _aLondon : | ||
| 260 | _bKingfisher, | ||
| 260 | _c1993 | ||
| 300 | _a32 pages : | ||
| 300 | _bcolor illustrations ; | ||
| 300 | _c29cm. | ||
| 440 | _aI wonder why. | ||
| 650 | _aPlants -- | ||
| 650 | _aPlants -- | ||
| 650 | _aQuestions and answers. | ||
| 650 | _xMiscellanea -- Juvenile literature. | ||
| 650 | _xMiscellanea. | ||
| 700 | _aSeries. | ||
| 700 | _aTitle. | ||
| 999 |
_c344957 _d344957 |
||